00965nam a2200265 u 450000100070000000500170000700800410002402000150006503500110008003500210009104000130011204100080012508200080013310000380014124500910017926001260027030000180039665000370041465000390045165000280049065000480051865000560056670000370062270000400065993637020260506155604.0050726s1999 spa  a9589160611 a936370 a(OCoLC)777904979 ccomduadb aspa 4a37210aBonilla Esteves, Martha4auteaut10aComo ensenamos la aritmetica : algunos conceptos aritmeticos en profesores de primaria aBogotá :bUniversidad Distrital Francisco José de Caldas. Centro de Investigaciones y Desarrollo Científico,c1999. a133 páginas aAritmetica - Ensenanza elemental 7aAprendizaje de las matemáticas2 aFormación de docentes 7aMatemáticasxProcesamiento de datos2lemb 7aInvestigación científicaxMetodología2armarc10aSanchez Heredia, Neila4auteaut10aVidal Arizabaleta, Martha4auteaut